| 000 | 00380nam a2200157Ia 4500 | ||
|---|---|---|---|
| 008 | 230917s9999||||xx |||||||||||||| ||und|| | ||
| 040 |
_e12772 _aMAIN |
||
| 041 | _aEnglish | ||
| 082 | _a330.9 K577E | ||
| 100 | _aKindleberger, Charles P | ||
| 245 | 0 | _aEconomic development | |
| 250 | _a2nd ed. | ||
| 260 |
_aNew York _bMcGraw-Hill _c1965 |
||
| 300 | _axvii,425 p. | ||
| 942 | _cBK | ||
| 999 |
_c80084 _d80084 |
||